Interstate cooperation : compacts and administrative agreements /

Bibliographic Details
Main Author: Zimmerman, Joseph Francis, 1928-
Corporate Author: NetLibrary, Inc
Format: eBook
Language:English
Published: Westport, Conn. : Praeger, 2002.
Subjects:
Online Access:Connect to the full text of this electronic book

MARC

Tag First Indicator Second Indicator Subfields
LEADER 00000cam a2200000Ia 4500
001 in00002000503
005 20220105141423.0
006 m d
007 cr cn-
008 030730s2002 ctubk sb 001 0 eng
020 |a 0313012601 (electronic bk.) 
035 |a (OCoLC)ocm52754960 
040 |a N$T  |c N$T  |d OCLCQ  |d UtOrBLW 
043 |a n-us--- 
049 |a IKMN 
050 1 4 |a KF4618  |b .Z53 2002eb 
082 0 4 |a 342.73/042  |2 22 
100 1 |a Zimmerman, Joseph Francis,  |d 1928-  |0 http://id.loc.gov/authorities/names/n80005176 
245 1 0 |a Interstate cooperation :  |b compacts and administrative agreements /  |c Joseph F. Zimmerman. 
264 1 |a Westport, Conn. :  |b Praeger,  |c 2002. 
300 |a x, 257 pages :  |b forms, maps. 
336 |a text  |b txt  |2 rdacontent 
337 |a computer  |b c  |2 rdamedia 
338 |a online resource  |b cr  |2 rdacarrier 
504 |a Includes bibliographical references (pages [221]-247) and index. 
533 |a Electronic reproduction.  |b Boulder, Colo. :  |c NetLibrary,  |d 2003.  |n Available via World Wide Web.  |n Access may be limited to NetLibrary affiliated libraries. 
500 |a Electronic resource. 
650 0 |a Interstate agreements  |z United States.  |0 http://id.loc.gov/authorities/subjects/sh2008124068 
655 7 |a Electronic books.  |2 local 
710 2 |a NetLibrary, Inc.  |0 http://id.loc.gov/authorities/names/no99080690 
776 1 |c Original  |z 0275977560  |w (DLC) 2002022438  |w (OCoLC)49225788 
856 4 1 |u https://proxy.library.tamu.edu/login?url=http://www.netLibrary.com/urlapi.asp?action=summary&v=1&bookid=85903  |z Connect to the full text of this electronic book  |t 0 
994 |a 92  |b IKM 
999 |a MARS 
999 f f |s aecb8fe3-074a-3bf8-b543-6838ac78fb5b  |i bafd5c8d-a2f4-3a00-b814-eeeb46e7fd24  |t 0 
952 f f |a Texas A&M University  |b College Station  |c Electronic Resources  |d Available Online  |t 0  |e KF4618 .Z53 2002eb  |h Library of Congress classification 
998 f f |a KF4618 .Z53 2002eb  |t 0  |l Available Online